000 00795nas a2200253 4500
001 BR0205637
003 BR-BrBNA
005 20231205103405.0
007 ta
008 230509b bl.|||p| |||| 00| 00por d
040 _aBR-BrBNA
_bpor
_cBiblioteca Nacional de Agricultura
041 _a(Pt)
072 _aF62; U10
100 1 _aFerreira, C.A.
100 1 _aTrevisan, R.
245 1 _aPrognose do crescimento volumétrico de espécies de Eucalyptus para a região Centro Sul do Brasil
650 _aEUCALIPTO
650 _aTAXA DE CRESCIMENTO
650 _aVOLUME
650 _aMODELO MATEMÁTICO
773 0 _tBoletim de Pesquisa Florestal (Brazil)
_xISSN 1517-6371
_g(Jan-Jun 2001), (no. 42) p. 71-82
_wBR0205637
909 _a202311
_bLúcia
_c55
_dLúcia Elande
942 _2AGRIS
_n0
_cANA
999 _c172612
_d172612